Educating superior students ; co-operative studies carried on under the auspices of the Association of first assistants in the high schools of the city of New York /

Bibliographic Details
Corporate Author: Association of First Assistants in the High Schools of the City of New York
Other Authors: Cohen, Helen Louise, 1882-1957, Coryell, Nancy Gillmore, 1893-
Format: Book
Language:English
Published: New York : American Book Co., [1935]
Subjects:

MARC

Tag First Indicator Second Indicator Subfields
LEADER 00000cam a2200000 4500
001 in00000056108
005 20151008052358.0
008 740131s1935 nyu b 00000 eng u
010 |a  35004096  
035 |a (OCoLC)00786576 
035 |9 AAH3060AM 
040 |c HIR  |d TXA  |d UtOrBLW 
049 |a TXAM  |c [230938] 
050 0 0 |a LC3965  |b .A7 
092 |a 371.955  |b A512e 
110 2 |a Association of First Assistants in the High Schools of the City of New York. 
245 1 0 |a Educating superior students ;  |b co-operative studies carried on under the auspices of the Association of first assistants in the high schools of the city of New York /  |c edited by Helen Louise Cohen and Nancy G. Coryell. 
264 1 |a New York :  |b American Book Co.,  |c [1935] 
300 |a xii, 340 pages ;  |c 21cm. 
336 |a text  |b txt  |2 rdacontent 
337 |a unmediated  |b n  |2 rdamedia 
338 |a volume  |b nc  |2 rdacarrier 
504 |a Includes bibliographies. 
650 0 |a Education, Secondary. 
650 0 |a Ability. 
650 0 |a Gifted children. 
700 1 |a Cohen, Helen Louise,  |d 1882-1957. 
700 1 |a Coryell, Nancy Gillmore,  |d 1893- 
740 0 |a Superior students. 
999 |a MARS 
999 f f |s 18f93d46-4ec5-3a46-9d59-fd3e228a34d7  |i a92fce7d-9bb5-3760-adae-c20a97fd6449  |t 0 
952 f f |p normal  |a Texas A&M University  |b College Station  |c Sterling C. Evans Library  |d Evans: Library Stacks  |t 0  |e LC3965 .A7  |h Library of Congress classification  |i unmediated -- volume  |m A14800847483 
998 f f |a LC3965 .A7  |t 0  |l Evans: Library Stacks